[Event "Marseille op 4th"]
[Site "Marseille"]
[Date "2011.12.28"]
[Round "6"]
[White "Vighetti, Patrice"]
[Black "Belkhir, Ilan"]
[Result "1-0"]
[WhiteElo "1664"]
[BlackElo "1300"]
[PlyCount "71"]
[EventDate "2011.12.26"]
[EventType "swiss"]
[EventRounds "9"]
[EventCountry "FRA"]
[SourceTitle "CBM 146 Extra"]
[Source "ChessBase"]
[SourceDate "2012.02.29"]
[SourceVersion "1"]
[SourceVersionDate "2012.02.29"]
[SourceQuality "1"]

1. d4 Nf6 2. Nf3 g6 3. Bf4 d5 4. e3 Nc6 5. c4 Bg7 6. Nbd2 0-0 7. Be2 Bg4 8. a3 e6 9. Ne5 Nxe5 10. Bxe5 Bxe2 11. Qxe2 c6 12. b4 b6 13. 0-0 Nh5 14. Bxg7 Nxg7 15. Rfc1 Rc8 16. cxd5 exd5 17. Nb3 Qg5 18. f4 Qf5 19. g4 Qe6 20. Qf3 Rfe8 21. Kf2 Re7 22. Rh1 Rce8 23. Rae1 Qe4 24. Qxe4 Rxe4 25. Nd2 R4e6 26. Nf3 Rc8 27. Rc1 Rce8 28. Rhe1 R6e7 29. Rxc6 Ne6 30. Ne5 f6 31. Nf3 Nd8 32. Rc8 f5 33. gxf5 gxf5 34. Rg1+ Kh8 35. Ne5 Ne6 36. Rxe8+ 1-0